Tough times never last, but tough people do!

Bibliographic Details
Main Author: Schuller, Robert H
Corporate Author: Title
Format: Book
Published: New York : Bantam Books , 1984
Subjects:

MARC

LEADER 00000cam a2200000 7i4500
001 0000012505
005 20150201.0
008 071219
020 |a 8122200257 
090 0 0 |a 158   |b SCH 
100 0 |a Schuller, Robert H 
245 1 0 |a Tough times never last, but tough people do!   |c Robert H. Schuller 
260 |a New York :   |b Bantam Books ,   |c 1984 
650 0 |a English fiction 
650 0 |a Success   |x Psychological aspects 
710 0 |a Title 
999 |a 0001003698   |b Book   |c Adult Collection   |e Perbadanan Perpustakaan Awam Johor 
999 |a 0001003699   |b Book   |c Adult Collection   |e Perbadanan Perpustakaan Awam Johor 
999 |a 0001003730   |b Book   |c Adult Collection   |e Perbadanan Perpustakaan Awam Johor